000
003210000a22001330004500
005
20120302063647.0
942
_c
BOOK
100
_a
Gupta,Hari Ram
245
_a
History of sikhs vol-V
260
_a
New Delhi:M.M.Publishers pvt.ltd.
040
_a
eng
365
_b
500/-
650
_a
Munshi,Maharaja Ranjit singh,Sikh
999
_c
360112
_d
360109